Research Methodology: Methods and Techniques. (Record no. 7)
[ view plain ]
| 005 - DATE AND TIME OF LATEST TRANSACTION | |
|---|---|
| control field | 20250605153930.0 |
| 020 ## - INTERNATIONAL STANDARD BOOK NUMBER | |
| International Standard Book Number | 978-81-224-3623-5 |
| 082 ## - DEWEY DECIMAL CLASSIFICATION NUMBER | |
| Classification number | 001.43 KOT |
| 100 ## - MAIN ENTRY--PERSONAL NAME | |
| Author name | KOTHARI, C.R. |
| 245 ## - TITLE STATEMENT | |
| Title | Research Methodology: Methods and Techniques. |
| 250 ## - EDITION STATEMENT | |
| Edition statement | 3rd Ed. |
| 260 ## - PUBLICATION, DISTRIBUTION, ETC. | |
| Place of publication, distribution, etc. | London, |
| Name of publisher, distributor, etc. | New Age International (P) Limited, |
| Date of publication, distribution, etc. | 2014. |
| 300 ## - PHYSICAL DESCRIPTION | |
| Extent | xx, 449p.: ill.; table. |
| Other physical details | Index, References |
| Dimensions | 24cm |
| 700 ## - ADDED ENTRY--PERSONAL NAME | |
| Other authors/Editors | GARG, G. |
| 856 ## - ELECTRONIC LOCATION AND ACCESS | |
| Link text | Access online book |
| Electronic name | Research |
| Path | www.newageacademicscience.co.uk |
| 942 ## - ADDED ENTRY ELEMENTS (KOHA) | |
| Source of classification or shelving scheme | Dewey Decimal Classification |
| Koha item type | Books |
| Date last seen | Total checkouts | Full call number | Barcode | Cost, replacement price | Price effective from | Koha item type | Lost status | Source of classification or shelving scheme | Damaged status | Not for loan | Withdrawn status | Home library | Current library | Shelving location | Date acquired | Cost, normal purchase price |
|---|---|---|---|---|---|---|---|---|---|---|---|---|---|---|---|---|
| 03/05/2025 | 001.43 KOT | 0000006 | 35472.00 | 03/05/2025 | Books | Dewey Decimal Classification | College of Business Education Main Library | College of Business Education Main Library | General Collection | 07/08/2016 | 11824.00 | |||||
| 03/05/2025 | 001.43 KOT | 0000007 | 35472.00 | 03/05/2025 | Books | Dewey Decimal Classification | College of Business Education Main Library | College of Business Education Main Library | General Collection | 07/08/2016 | 11824.00 | |||||
| 03/05/2025 | 001.43 KOT | 0000008 | 35472.00 | 03/05/2025 | Books | Dewey Decimal Classification | College of Business Education Main Library | College of Business Education Main Library | General Collection | 07/08/2016 | 11824.00 | |||||
| 03/05/2025 | 001.43 KOT | 0000009 | 35472.00 | 03/05/2025 | Books | Dewey Decimal Classification | College of Business Education Main Library | College of Business Education Main Library | General Collection | 07/08/2016 | 11824.00 | |||||
| 03/05/2025 | 001.43 KOT | 0000010 | 35472.00 | 03/05/2025 | Books | Dewey Decimal Classification | College of Business Education Main Library | College of Business Education Main Library | General Collection | 07/08/2016 | 11824.00 |
